000 00544nam a22001817a 4500
005 20240910071800.0
008 240910b |||||||| |||| 00| 0 eng d
020 _a9780409052718
041 _aEnglish/Afrikaans
082 _a346.1 HEA
100 _lEnglish/Afrikaans
245 _aCasebook on the South African Law of Persons
250 _aFourth Edition
260 _aDurban:
_bLexisNexis (Pty) Ltd,
_c2012
300 _bxii, 315 pages;
_c25 cm.
650 _aLegal practice
_bLaw
942 _cBK
_6ALISON_BN_VRIES
999 _c3031
_d3031